000
00288nam a2200133Ia 4500
100
_a
Stroustrup/ Bjarne
942
_c
BK
654
_a
computer
245
_a
Design & Evolution of C++
260
_b
Addison Wesley Pub
_a
NONE
_c
1994
300
_a
461
546
_a
ENGLISH
999
_c
31285
_d
31285